000 00898cam a22002773a 4500
001 29003
003 PGUSA
005 20140828083628.0
008 090530s2009||||xxu|||||s|||||000 | eng d
040 _aPGUSA
_beng
042 _adc
050 4 _aF1401
100 1 _aRoot, Elihu,
_d1845-1937
245 1 0 _aLatin America and the United States :
_bAddresses by Elihu Root
_h[electronic resource] /
_cElihu Root
260 _bProject Gutenberg,
_c2009
506 _aPublic domain in the USA.
516 _aElectronic text
653 _aLatin America -- Foreign relations -- United States
653 _aUnited States -- Foreign relations -- Latin America
653 _aAmerica -- Foreign relations
700 1 _aScott, James Brown,
_d1866-1943
700 1 _aBacon, Robert,
_d1860-1919
830 0 _aProject Gutenberg
_v29003
856 4 0 _uhttp://www.gutenberg.org/ebooks/29003
942 _cEB
999 _c258258
_d258258